000 00754nam a2200241 a 4500
001 000006285
003 DO-SdBNP
005 20260114121206.0
007 ta
008 090827s2005 dr r 000 0 spa d
020 _a9993439223
040 _aDO-SdBNP
_aspa
_cBNPHU
082 4 _a372.832
_bS583p
_222
100 1 _aSilié Gatón, Domingo,
_917549
_d1923-
245 1 0 _aProyecciones morales y cívicas /
_cDomingo Silié Gatón ; prólogo José Rijo.
260 _aSanto Domingo, :
_bLibrería La Trinitaria,
_c2005.
300 _a116 p. ;
_c22 cm.
500 _aIncluye datos biográficos del autor en la contracubierta
650 0 _aEducación cívica
_91206
650 0 _aÉtica
_9509
700 1 _aRijo, José,
_epról.
_917550
942 _2ddc
_cLBS1
999 _c6080
_d6080